Missing Word: 2000s Country Songs Quiz Stats

 Plays Quiz Updated Sep 1, 2017

Score 0/20 Timer 03:00
5 Plays Today
Song Missing Word % Correct
Live _____ You Were DyingLike
92.2%
Somebody Like _____You
91.6%
_____, Take the WheelJesus
86.2%
Rain is a Good _____Thing
78.3%
_____ Green TractorBig
78.3%
What _____ the MostHurts
75%
I _____ You DanceHope
67.6%
The House That _____ MeBuilt
67.2%
You _____ With MeBelong
66%
This One's for the _____Girls
65.6%
Song Missing Word % Correct
_____ I Want to DoAll
65.1%
Redneck _____Woman
60.4%
If My _____ Had WingsHeart
51.7%
Ol' _____Red
49.7%
I'm Gonna Getcha _____Good
49.1%
Not Ready to Make _____Nice
47.4%
Good as _____Gone
35.9%
_____ EverythingShe's
32%
Don't _____ TwiceHappen
23.4%
Good Ride _____Cowboy
19.6%

Today's Daily Dose

You're not logged in!

Compare scores with friends on all Sporcle quizzes.
OR
Log In

You Might Also Like...

Show Comments

Extras

Top Quizzes Today


Score Distribution

Your Account Isn't Verified!

In order to create a playlist on Sporcle, you need to verify the email address you used during registration. Go to your Sporcle Settings to finish the process.

Report this User

Report this user for behavior that violates our Community Guidelines.

Details: